000 00299nam a22001337a 4500
008 181009b xxu||||| |||| 00| 0 eng d
020 _a1555872859
041 _aeng
080 _a321
100 _a19
101 _aSHP
245 _aGovernance and Politics in Africa
_cHyrden, G
942 _2udc
_cBK
999 _c49156
_d49156